00753 2200241 4500001002100000005001700021008004100038020002200079035002400101041000800125043001200133082001200145090002300157100001100180245017400191250001000365260003700375300002400412504001600436650002600452850001200478999002100490YOGYA-0511000000052620110509093032.0 ind  a978-602-9033-27-4 0010-051100000000526 aInd aYOPDYOG a350-532 aDep 350-532bAzh M aAZHARI aMereformasi birokrasi publik IndonesiabStudi perbandingan intervensi pejabat politik terhadap pejabat birokrasi di Indonesia dan MalaysiacAzhari; Saifa Auliya Achidsti aCet.1 aYogyakartabPustaka Pelajar 2011 aLVI, 346 hlmc21 cm ahlm 321-335 aBirokrasi - Reformasi aYOPDYOG aCB-D.11-2011-099